| 000 | 00911cam a2200229 i 4500 | ||
|---|---|---|---|
| 005 | 20251211100005.0 | ||
| 008 | 250721s2006 jo gr 000 0 ara d | ||
| 020 | _a9957116622 | ||
| 082 | 1 | 4 |
_a216.4 _bز ل م |
| 100 | 1 |
_aالزلمي، مصطفى إبراهيم _eمؤلف. |
|
| 245 | 1 | 0 |
_aأحكام الميراث والوصية وحق الانتقال في الفقه الإسلامي المقارن والقانون / _cالعلامة الاستاذ الدكتور مصطفى ابراهيم الزلمي. |
| 250 | _aالطبعة الاولى. | ||
| 264 | 3 | 1 |
_aعمان : _bدار وائل للنشر والتوزيع، _c2006. |
| 300 | _a243 صفحة. | ||
| 650 | 1 | 7 | _aالميراث. |
| 650 | 1 | 7 | _aالإرث و الوصية. |
| 650 | 1 | 7 | _aالتخار. |
| 650 | 1 | 7 | _aالإسلام. |
| 650 | 1 | 7 | _aالملكية الشخصية. |
| 942 |
_2ddc _cBK |
||
| 999 |
_c100835 _d100835 |
||